000 00756nam a2200241Ia 4500
003 OSt
005 20220923215712.0
006 a|||||r|||| 00| 0
007 ta
008 220922b |||||||| |||| 00| 0 hin d
024 _a181,015
037 _cTextual
040 _aARTS
_cARTS
_bhin
041 _2hin
_ahin
082 _aO152,1N273x, N4
100 _aऋषिकल्प, रमेश
_9156275
245 0 _aशब्द में समाया समय
246 _aShabda mean samāyā samaya
260 _aदिल्ली
_b अभिरूचि प्रकाशन
_c1994
300 _a79 पृ.
_ccm.
942 _hO152,1N273x, N4
_cTEXL
_2CC
999 _c334393
_d334393